| 000 | 01013nam a22002537a 4500 | ||
|---|---|---|---|
| 999 |
_c5609 _d5609 |
||
| 003 | DO-SdBJH | ||
| 005 | 20190923141634.0 | ||
| 008 | 190923b ||||| |||| 00| 0 spa d | ||
| 020 | _a99454060768 | ||
| 040 |
_aDO-SdBJH _bspa _cDO-SdBJH |
||
| 082 | _aRD 972.93053 B742p 2005 | ||
| 100 | 1 |
_aBosch, Juan, _d1909-2001 |
|
| 245 | 1 | 0 |
_aPóker de espanto en El Caribe / _cJuan Bosch |
| 250 | _a5ª. edición | ||
| 260 |
_a Santo Domingo : _bAlfa y Omega, _c2005 |
||
| 300 | _a 217 páginas | ||
| 504 | _aIncluye referencias bibliográficas | ||
| 505 | _aHistoria de este libro 5 -- Rafael Leonidas Trujillo, la Carta Dominicana 27 -- Anastasio Somoza, la Carta Nicaraguense 69 -- Marco Pérez Jiménez, la Carta de Venezuela 108 -- Fulgencio Batista, la Carta de Cuba 151 -- La otra Faz 193 | ||
| 651 | 7 |
_2Sears _aRepública Dominicana -- Historia -- Era de Trujillo, 1930-1961 |
|
| 651 | 7 | _aNicaragua -- Historia | |
| 651 | 7 | _aCuba -- Historia | |
| 651 | 7 | _aVenezuela -- Historia | |
| 942 |
_2ddc _cBK _z3 |
||